Normal view
MARC view
- الزغول، رفعات راجي
Entry Personal Name
001 - CONTROL NUMBER
- control field: 48612
003 - CONTROL NUMBER IDENTIFIER
- control field: JO-AjAnu
005 - DATE AND TIME OF LATEST TRANSACTION
- control field: 20230606082021.0
008 - FIXED-LENGTH DATA ELEMENTS
- fixed length control field: 230606|| aca||aabn | a|a d
040 ## - CATALOGING SOURCE
- Original cataloging agency: JO-AjAnu
- Transcribing agency: JO-AjAnu
100 ## - HEADING--PERSONAL NAME
- Personal name: الزغول، رفعات راجي
670 ## - SOURCE DATA FOUND
- Source citation: Work cat.: (JO-AjAnu)24869: الزغول، رفعات راجي, author, قصص وأحداث من واقع الحياة: مذكرات طبيب أسنان